[Event "Khanty-Mansiysk Governor Cup 7th"]
[Site "Khanty-Mansiysk"]
[Date "2011.09.06"]
[Round "7"]
[White "Amursakov, Vasily"]
[Black "Mokhorev, Sergei"]
[Result "0-1"]
[WhiteElo "1845"]
[BlackElo "2079"]
[PlyCount "58"]
[EventDate "2011.08.31"]
[EventType "swiss"]
[EventRounds "9"]
[EventCountry "RUS"]
[SourceTitle "CBM 144 Extra"]
[Source "ChessBase"]
[SourceDate "2011.10.28"]
[SourceVersion "1"]
[SourceVersionDate "2011.10.28"]
[SourceQuality "1"]

1. d4 d5 2. c4 e6 3. Nc3 Nf6 4. e3 Be7 5. Nf3 0-0 6. Be2 c5 7. 0-0 dxc4 8. Bxc4 Nc6 9. a3 cxd4 10. exd4 a6 11. Bf4 b5 12. Ba2 Bb7 13. Bb1 Na5 14. Ng5 h6 15. Nge4 Nxe4 16. Nxe4 Qd5 17. Qd3 f5 18. Qg3 fxe4 19. Bxh6 Rf7 20. Qg6 Qf5 21. Qg3 Nc4 22. f3 Bd6 23. f4 Nd2 24. Ba2 Nxf1 25. Rxf1 Bd5 26. Bb1 Qf6 27. Bg5 Qxd4+ 28. Kh1 Qxb2 29. h4 Rc8 0-1

[Event "Khanty-Mansiysk Governor Cup 7th"]
[Site "Khanty-Mansiysk"]
[Date "2011.09.01"]
[Round "2"]
[White "Mokhorev, Sergei"]
[Black "Kabanov, Nikolai"]
[Result "0-1"]
[WhiteElo "2079"]
[BlackElo "2520"]
[PlyCount "80"]
[EventDate "2011.08.31"]
[EventType "swiss"]
[EventRounds "9"]
[EventCountry "RUS"]
[SourceTitle "CBM 144 Extra"]
[Source "ChessBase"]
[SourceDate "2011.10.28"]
[SourceVersion "1"]
[SourceVersionDate "2011.10.28"]
[SourceQuality "1"]

1. e4 c5 2. Nf3 e6 3. b3 b6 4. Bb2 Bb7 5. Nc3 Nf6 6. e5 Ne4 7. h4 Nxc3 8. Bxc3 Nc6 9. d4 cxd4 10. Nxd4 Nxd4 11. Bxd4 Qc7 12. Rh3 Rc8 13. c3 h5 14. Rg3 g6 15. Qd2 Bh6 16. f4 Be4 17. Bd3 Qc6 18. Kf2 0-0 19. Re1 Bxd3 20. Rxd3 d6 21. exd6 Qxd6 22. g3 Rfd8 23. Ree3 Qe7 24. c4 Rd7 25. Bb2 Rcd8 26. Qc3 Kh7 27. Ke2 Rg8 28. Rxd7 Qxd7 29. Rd3 Qc6 30. Qd2 Re8 31. Kd1 e5 32. Rd7 Qf3+ 33. Kc1 exf4 34. Rxf7+ Kg8 35. Rxf4 Bxf4 36. Qxf4 Re1+ 37. Kc2 Re2+ 38. Kb1 Qxf4 39. gxf4 Kf7 40. Be5 g5 0-1